Starter Pokémon with 2 Types - Statistics

General Stats
  • This quiz has been taken 14 times
  • The average score is 21 of 25
Answer Stats
Additional Type Answer % Correct
Dark Greninja
100%
Poison Venusaur
100%
Fighting Blaziken
92%
Poison Bulbasaur
92%
Flying Charizard
92%
Steel Empoleon
92%
Poison Ivysaur
92%
Ground Marshtomp
92%
Ground Swampert
92%
Ghost Decidueye
85%
Psychic Delphox
85%
Fighting Emboar
85%
Dark Incineroar
85%
Fighting Infernape
85%
Fighting Monferno
85%
Fighting Pignite
85%
Fairy Primarina
85%
Ground Torterra
85%
Fighting Chesnaught
77%
Fighting Combusken
77%
Flying Dartrix
77%
Dark Meowscarada
77%
Fighting Quaquaval
77%
Flying Rowlet
77%
Ghost Skeledirge
77%
No matching quizzes found
Score Distribution
Percent of People with Each Score
Percentile by Number Answered
Your Score History
You have not taken this quiz